00768nam a2200193 i 450000100060000000300090000600500170001500700030003200800410003510000340007624501540011026000450026430000220030970000310033170000410036285200320040399900170043595201220045238172ES-MaACL20230906155718.0t|030224s1967 sp ||||1| spa d1 aCabestrero, Teófilo.93318910aResurrección octava y cinco domingos de Pascua / cTeófilo Cabestrero ; con la colaboración de Santiago García y María Pilar de La Figuera. aMadrid : b[s.n., c1967] (fImp. Sèz) a160 p. ; c20 cm.1 aGarcía, Santiago.9540961 aFiguera, María Pilar de la.950753 aES-MaACLjC-32108 bR.62598 c38172d38172 00104070aATENEOMbATENEOMcDEPO2d2008-01-17eSCl0oC-32108p1040184r2023-02-23 00:00:00w2023-02-23yMONOGRAFIA